000 00585nam a2200205Ia 4500
005 20260429111919.0
008 260429s9999||||xx |||||||||||||| ||und||
020 _a9781041203568
041 _aEnglish
082 _a338.477
_bBEC
100 _aBeckman, Gary D.
245 0 _aNew arts entrepreneur :
_bnavigating the arts ecologies /
_cGary D. Beckman
250 _a1st ed.
260 _aUnited Kingdom :
_bRoutledge,
_c2022.
300 _axii, 162 p.; pbk
440 _aDiscovering the creative industries
650 _a Arts
650 _aProduction economics
942 _cTB
999 _c51407
_d51407